Lei n. 8.666/1993 : (Record no. 1260)
[ view plain ]
| 000 -LÍDER | |
|---|---|
| Campo Fixo de Controle | 01167nam a2200289 a 4500 |
| 001 - NÚMERO DE CONTROLE | |
| Campo de Controle | 1260 |
| 003 - IDENTIFICAÇÃO DO NÚMERO DE CONTROLE | |
| Campo de Controle | BR-CuiBMT |
| 005 - DATA E HORA DA ÚLTIMA ATUALIZAÇÃO | |
| Campo de Controle | 20231202171419.0 |
| 008 - DADOS FIXOS | |
| Dados Fixos | 230927s2018 mgba 001 0 por d |
| 020 ## - INTERNATIONAL STANDARD BOOK NUMBER | |
| Nº do ISBN | 9788545004677 |
| 040 ## - AGÊNCIA CATALOGADORA | |
| Código da Agência Catalogadora | BR-CuiBMT |
| Agência que transcreveu o registro | BR-CuiBMT |
| 080 ## - Nº DA CLASSIFICAÇÃO DECIMAL UNIVERSAL | |
| Nº Class. CDU | 351.72 |
| Nº edição CDU | 2007 |
| 090 ## - NÚMERO DE CHAMADA | |
| Nº classificação | 351.72 |
| Cutter | L525 |
| Ano/Edição | 18. ed. |
| 245 00 - TÍTULO PRINCIPAL | |
| Título principal | Lei n. 8.666/1993 : |
| Subtítulo | lei de Licitações e contratos administrativos e outras normas pertinentes / |
| Indicação de responsabilidade | organização: J. U. Jacoby Fernandes. |
| 250 ## - EDIÇÃO | |
| Edição | 18. ed. atual. |
| 260 ## - PUBLICAÇÃO, DISTRIBUIÇÃO, ETC. | |
| Local de publicação | Belo Horizonte : |
| Editora | Fórum, |
| Data | 2018. |
| 300 ## - DESCRIÇÃO FÍSICA | |
| N. páginas ou volumes | 624 p. ; |
| Ilustrações | il. : |
| Dimensões | 14 cm |
| 490 1# - INDICAÇÃO DE SÉRIE | |
| Título da série | Coleção Jacoby de direito público ; |
| Volume/designação sequencial da série | v. 1 |
| 500 ## - NOTAS GERAIS | |
| Notas gerais | Pregão. Sistema de registro de preços - SRP. Terceirização. Sustentabilidade. Preços e orçamento de referência. Tecnologia da informação - TI. |
| 504 ## - NOTA DE BIBLIOGRAFIA, ETC. | |
| Nota de bibliografia | Inclui bibliografia e índice. |
| 650 ## - ASSUNTO TÓPICO | |
| Cabeçalho tópico ou nome geográfico | Lei de licitações e contratos |
| Subdivisão cronológica | (1993) |
| Subdivisão geográfica | Brasil |
| 650 ## - ASSUNTO TÓPICO | |
| Cabeçalho tópico ou nome geográfico | Licitação pública |
| Subdivisão geral | Legislação |
| Subdivisão geográfica | Brasil |
| 650 ## - ASSUNTO TÓPICO | |
| Cabeçalho tópico ou nome geográfico | Finanças públicas |
| Subdivisão de forma | Legislação |
| 700 1# - ENTRADA SECUNDÁRIA -- NOME PESSOAL | |
| Nome pessoal | Fernandes, Jorge Ulisses Jacoby |
| Cód. do termo explicativo | org. |
| 830 #0 - ENTRADA SECUNDÁRIA DE SÉRIE -- TÍTULO UNIFORME | |
| Título uniforme | Coleção Jacoby de direito público ; |
| Nº do volume/designação sequencial da série | 1 |
| 942 ## - ELEMENTOS DE ENTRADA ADICIONAIS (KOHA) | |
| Fonte de classificação ou esquema de arquivamento | Classificação Decimal Universal |
| Tipo de item do Koha | Livros |
| Estado: removido | Estado: perdido | Fonte de classificação ou esquema de arquivamento | Estado: danificado | Indisponível para empréstimo | Localização permanente | Localização atual | Data de aquisição | Total Checkouts | Número de Chamada completo | Código de barras | Date last seen | Número do exemplar | Preço efetivo a partir de | Tipo de item (Koha) |
|---|---|---|---|---|---|---|---|---|---|---|---|---|---|---|
| Classificação Decimal Universal | Biblioteca da Escola Superior de Contas do TCE/MT | Biblioteca da Escola Superior de Contas do TCE/MT | 12/08/2019 | 351.72 L525 | BIBTCEMT23120069 | 02/12/2023 | Ex. 1 | 02/12/2023 | Livros | |||||
| Classificação Decimal Universal | Biblioteca da Escola Superior de Contas do TCE/MT | Biblioteca da Escola Superior de Contas do TCE/MT | 12/08/2019 | 351.72 L525 | BIBTCEMT23120070 | 02/12/2023 | Ex. 2 | 02/12/2023 | Livros |